000 01660nam0a2200373 4500
001 RU\NLR\bibl\1819565
005 20260406134703.0
010 _a978-5-9922-0940-2
_bв пер.
_95000
021 _aRU
_b2011-69487
_94911
035 _a(nilc)RSL-KNO-005021712
035 _a(NLR Aleph) 001810132
090 _a1859813
_c1859813
100 _a20110905d2011 |||y0rusy50 ca
101 1 _arus
_ceng
102 _aRU
105 _aa zzzz|||||
200 1 _aТалисман, или Ричард Львиное Сердце в Палестине
_eроман
_fВальтер Скотт
_g[пер. с англ. П. Оболенского, Т. и В. Ровинских]
_gрис. А. де Ришмона и А. де Пэри
210 _aМосква
_cАльфа-Книга
_d2011
215 _a426, [2] с.
_cил.
_d21
225 1 _aИллюстрированное издание
455 1 _12000#$aThe talisman. Tales of the crusaders
_1700#0$aScott, Walter
_tThe talisman. Tales of the crusaders
_aScott, Walter
517 0 _aРичард Львиное Сердце в Палестине
686 _aШ5(4Вл)52-644.6
_2rubbk
686 _aШ6(4Вл)57-440.4{Лх1296.1-50}
700 1 _4070
_7ca
_8rus
_aСкотт
_bВ.
_f1771-1832
_gВальтер
_9112410
_3RU\NLR\auth\772398
702 1 _4040
_7ca
_8rus
_aРишмон
_bА. де
_f1857-1911
_gАльфред де
_995740
_3RU\NLR\auth\77112815
702 1 _4040
_7ca
_8rus
_aПэри
_bА. де
_995776
_3RU\NLR\AUTH\77112851
801 0 _aRU
_bRuMoRKP
_c20110905
_grcr
801 1 _aRU
_bRuMoRGB
_c20110905
801 2 _aRU
_bNLR
_c20111012
_grcr
942 _cBOOK
980 _aNB
980 _aNBR